BIBLIOTECA PODER JUDICIAL
Portal Judicial TDF

El despido discriminatorio por maternidad. Prevalencia de la tutela especial frente al régimen general y sus límites constitucionales / (Registro nro. 6046)

000 -LEADER
fixed length control field 01188nab a22002657a 4500
003 - CONTROL NUMBER IDENTIFIER
control field OSt
005 - DATE AND TIME OF LATEST TRANSACTION
control field 20260118215505.0
008 - FIXED-LENGTH DATA ELEMENTS--GENERAL INFORMATION
fixed length control field 190605e xxu||||| |||| 00| 0 spa d
040 ## - CATALOGING SOURCE
Transcribing agency PJ
100 ## - MAIN ENTRY--PERSONAL NAME
9 (RLIN) 4574
Personal name Gabet, Emiliano A.
245 13 - TITLE STATEMENT
Title El despido discriminatorio por maternidad. Prevalencia de la tutela especial frente al régimen general y sus límites constitucionales /
Statement of responsibility, etc Emiliano A. Gabet.
260 ## - PUBLICATION, DISTRIBUTION, ETC. (IMPRINT)
Place of publication, distribution, etc Ciudad Autónoma de Buenos Aires :
Name of publisher, distributor, etc Thomson Reuters La Ley,
Date of publication, distribution, etc 2025.
300 ## - PHYSICAL DESCRIPTION
Extent p. 147-150
500 ## - GENERAL NOTE
General note Cita: TR LALEY AR/DOC/2665/2025.<br/><br/>
505 ## - FORMATTED CONTENTS NOTE
Formatted contents note Fallo comentado: NTrab., sala X ~ 29/08/2025 ~ Elías, Vanesa Cristina c. AC24 S.A. y otro s/ despido.
505 ## - FORMATTED CONTENTS NOTE
Title ¿Te interesa el texto completo? Solicitalo al correo: koha@justierradelfuego.gov.ar
650 #0 - SUBJECT ADDED ENTRY--TOPICAL TERM
9 (RLIN) 1316
Topical term or geographic name as entry element DERECHO LABORAL
650 #0 - SUBJECT ADDED ENTRY--TOPICAL TERM
9 (RLIN) 1533
Topical term or geographic name as entry element DESPIDO
650 #0 - SUBJECT ADDED ENTRY--TOPICAL TERM
9 (RLIN) 4973
Topical term or geographic name as entry element PROTECCION DE LA MATERNIDAD
650 #0 - SUBJECT ADDED ENTRY--TOPICAL TERM
Topical term or geographic name as entry element DISCRIMINACION LABORAL
9 (RLIN) 1577
650 #0 - SUBJECT ADDED ENTRY--TOPICAL TERM
Topical term or geographic name as entry element IUS VARIANDI
9 (RLIN) 1344
650 #0 - SUBJECT ADDED ENTRY--TOPICAL TERM
Topical term or geographic name as entry element CARGA DE LA PRUEBA
9 (RLIN) 3927
773 0# - HOST ITEM ENTRY
Host Biblionumber 2711
Host Itemnumber 3168
Place, publisher, and date of publication Ciudad Autónoma de Buenos Aires : Thomson Reuters La Ley, 1999-2002.
Title Revista de derecho del trabajo. Nº 6 - Noviembre 2025
942 ## - ADDED ENTRY ELEMENTS (KOHA)
Source of classification or shelving scheme
Koha item type Analítica Artículo de Revista

No hay ítems disponibles.

12 de Octubre 789 Ushuaia - Tel:  54(02901)441571
Horario de Atención: 8.00 a 17.00 hs. 
bibliotecaush@justierradelfuego.gov.ar
koha@justierradelfuego.gov.ar
Seguinos en nuestras redes @bibliojustdf 

Con tecnología Koha